|
|
|
|
| LEADER |
00971nam a2200253 a 4500 |
| 001 |
13434619 |
| 008 |
100830s2002 enkae 000 0 eng d |
| 999 |
|
|
|c 9402
|d 9402
|
| 010 |
|
|
|a 2003536742
|
| 020 |
|
|
|a 0713487895 (pbk.)
|
| 040 |
|
|
|a BDS
|c BDS
|d Uk
|d ICA
|d CStRLIN
|d NIC
|d DLC
|d DB-DhAAL
|
| 082 |
0 |
4 |
|a 720.92
|2 21
|
| 100 |
1 |
|
|a Kalkin, Adam.
|9 32037
|
| 245 |
1 |
0 |
|a Architecture and hygiene /
|c Adam Kalkin.
|
| 260 |
|
|
|a London :
|b Batsford,
|c 2002.
|
| 300 |
|
|
|a 143 p. :
|b ill. (some col.), plans ;
|c 21 cm.
|
| 526 |
|
|
|a ARC
|
| 541 |
1 |
|
|e 00020860
|
| 600 |
1 |
0 |
|a Kalkin, Adam
|x Criticism and interpretation.
|9 32038
|
| 650 |
|
0 |
|a Architecture
|z United States
|x History
|y 20th century.
|9 32039
|
| 650 |
|
0 |
|a Installations (Art)
|9 32040
|
| 852 |
4 |
|
|a Ayesha Abed Library
|j General Shelf.
|
| 942 |
|
|
|2 ddc
|c BK
|
| 952 |
|
|
|0 0
|1 0
|2 ddc
|4 0
|6 720_920000000000000_KAL_2002
|7 0
|9 11819
|a BRACUL
|b BRACUL
|c GEN
|d 2010-09-15
|e TRIM EDUCATION
|g 16250.00
|l 0
|o 720.92 KAL
|p 3010020860
|r 2010-09-15
|t 1
|w 2010-09-15
|y BK
|